000 00726nam a22002057a 4500
005 20180208163628.0
010 _aB-593930
020 _a8189530917
_c400.00
020 _a9788189530914
_c400.00
035 _aB-593930
037 _adpl
_bPansy/Ven
082 _a346.7303
100 _aBanga, R.K.
245 _aThe law of torts:
_bincluding motor vehicles act and consumer protection act/
_cby R.K. Banga
260 _aFaridabad
_bAllahabad Law Aency Law Publishers
_c2015
270 _a16/2 Mathura Road, Plot No. 33,
_bFaridabad (Haryana)
300 _a691p.
_c23cm(pbk)
942 _2ddc
_cEN
_h346.7303
_mBAN
999 _c91599
_d91599